Statistics for Pokémon Moves based on description

Click here to take the quiz!

General Stats

  • This quiz has been taken 130 times
  • The average score is 16 of 22

Answer Stats

TypeDescriptionMove% Correct
NormalThe user just flops and splashes around to no effect at all...Splash
94%
FireCloaking itself in flame, the user attacks. Then, building up more power, the user raises its Speed stat.Flame Charge
88%
FairyThe user stares at the target with its baby-doll eyes, which lowers its Attack stat. This move always goes first.Baby-Doll Eyes
87%
GhostThe user throws a punch from the shadows. This attack never misses.Shadow Punch
86%
PoisonThe user lays a trap of poison spikes at the opposing team's feet. They poison opposing Pokémon that switch into battle.Toxic Spikes
84%
FlyingThe user whips up a turbulent whirlwind that ups the Speed stat of the user and its allies for four turnsTailwind
81%
NormalThe user switches places with a party Pokémon in waiting and passes along any stat changes.Baton Pass
79%
FlyingThe user attacks the target with sound waves of deafening chatter. This confuses the target.Chatter
79%
NormalThe user maximizes its Attack stat in exchange for HP equal to half its max HP.Belly Drum
78%
FightingThe target is thrown using the power of gravity. It inflicts damage equal to the user's level.Seismic Toss
78%
IceThe user flash-freezes chunks of ice and hurls them at the target. This move always goes first.Ice Shard
77%
SteelThe target is hit with a hard punch fired like a meteor. This may also raise the user's Attack statMeteor Mash
77%
RockThe user attacks with a ray of light that sparkles as if it were made of gemstones.Power Gem
74%
DarkFlattery is used to confuse the target. However, this also raises the target's Sp. Atk stat.Flatter
73%
PoisonThe user shoots filthy garbage at the target to attack. This may also poison the target.Gunk Shot
71%
BugThe user attacks with a sinister beam of light. This may also confuse the target.Signal Beam
69%
DragonThe user tackles the target while exhibiting overwhelming menace. This may also make the target flinch.Dragon Rush
68%
SteelThe user takes a defensive stance while it protects itself from damage. It also harshly lowers the Attack stat of any attacker who makes direct contact.King's Shield
66%
GrassThe user slams the target with an enormous tree. The user can't move on the next turn.Frenzy Plant
63%
WaterIf the target's HP is half or less, this attack will hit with double the power.Brine
59%
GroundThe user throws the bone it holds. The bone loops to hit the target twice, coming and going.Boomerang
22%
ElectricThe user levitates using electrically generated magnetism for five turns.Magnetic Rise
12%

Score Distribution

Percentile by Number Answered

Percent of People with Each Score

Your Score History

You have not taken this quiz